01644nam a22002895a 4500999001700000005001700017008004100034020001800075040003800093082002200131082002800153100003500181245017100216260009900387300002100486504005100507520030600558650004500864650005500909651001000964653002500974655001700999710007201016942000801088952012901096952012901225 c26937d2690920181104103853.0181103s2016 cau frb 001 0 eng d a9781622659807 aEG-ScBUEbengcEG-ScBUEdEG-ScBUE04a658.4038bHAS22204a658.4038095492bHAS2221 aHasnain, Sheikh Shamim.94187710aKnowledge management in non-governmental organisations :btowards a new horizon /cSheikh Shamim Hasnain, International Institute for Science, Technology & Education. a[San Francisco?] :bInternational Institute for Science,Technology & Education (IISTE),c2016. a192 p. ;c24 cm. aIncludes bibliographical references and index. aThis book explores the critical knowledge management issues in the non-government organisations (NGOs) in the context of Bangladesh. Also for those unfamilar with the term "knowledge management" the book seeks to provide readers with an understanding of the basic concepts behind knowledge management. 7aKnowledge managementzBangladesh.2BUEsh 7aNon-governmental organizationszBangladesh.2BUEsh 2BUEsh bBUSADMcNovember2018 vReading book2 aInternational Institute for Science, Technology & Education.941878 2ddc 00102ddc40708BaccahaMAINbMAINc1STd2018-11-03ePurchaseg2100.00l0o658.4038 HASp000043766r2025-07-15 00:00:00yNB 00102ddc40708BaccahaMAINbMAINc1STd2018-11-03ePurchaseg2100.00l0o658.4038 HASp000043767r2025-07-15 00:00:00yBB